000 00822nam a22002297a 4500
999 _c12949
_d12949
003 AR-CdUCM
008 190410b ||||| |||| 00| 0 spa d
040 _aMUNICIPALIDAD PROVINCIAL DEL CUSCO
_cBIBLIOTECA MUNICIPAL DEL CUSCO
041 _hge
082 _a150 /
_bM322
100 _aMarcuse, Ludwig
_931086
245 _aPesimismo :
_bun estado de madurez /
260 _aBuenos Aires :
_bEdiciones Leviatán.
300 _a220 páginas ;
_c18 cm.
505 _aContenido:A modo de orientación --Antropología pesimista -- Las cruzadas contra el dolor -- Nihilistas positivos -- Los cuatro humanismos.
650 _aAntropología
_9878
650 _aCiencias sociales
_91096
650 _aPsicología
_91538
700 _aMoner, Gabriela (traducción)
_931087
942 _2ddc
_cLIBROS
945 _adavv
_d10/04/2019